00630 2200217 4500001002100000005001500021035002000036007000300056008004100059020002300100082000800123084001400131100002800145245008700173250001100260260004800271300002800319650002100347504003100368990001300399INLIS00000000000154020180212030325 a0010-0218000135ta180212 g 0 ind  a978-979- 709-342-6 a332 a332 ADL m0 aADLER, Haymans Manurung1 aModal Untuk Bisnis UKM :bPanduan Mudah Mendapatkan Dana /cAdler Haymans Manurung acet. 2 aJakarta :bPT Kompas Media Nusantara,c2008 ax;150 hlm ;c14 x 21 cm aEKONOMI KEUANGAN aBibliografi; Hlm 139 - 143 a1071 323